00337nam a2200133 a 4500008004100000050001400041100002000055245001500075246002600090260003400116350000900150650001500159650002900174120416s1969 ||||||||||||||||| || u aHD 31 Fli aFlippo, Edwin B10aManagement aa behavioral approach aBostonbAllyn and Baconc1969 a0.00 0aMANAGEMENT aORGANIZATIONAL BEHAVIOUR